| 000 | 00464cam a2200193ua 4500 | ||
|---|---|---|---|
| 001 | 10453 | ||
| 005 | 20260515114626.0 | ||
| 008 | 190225n ii |||gr||||Z||||||eng | ||
| 020 | _a9789351380931 | ||
| 040 | _cMAIN | ||
| 041 | _aeng | ||
| 082 | _a420 | ||
| 100 |
_aFrederick T Wood, _eAuthor. |
||
| 245 | _aOutline history of the English language | ||
| 260 |
_aNew Delhi: _bTrinity, _c2017. |
||
| 300 | _a230p. | ||
| 653 | _aEnglish & Old English | ||
| 942 | _cBK | ||
| 999 |
_c9430 _d9430 |
||